000 00462nam a22001937a 4500
003 MPLRDC
005 20220104144542.0
008 210129b ||||| |||| 00| 0 eng d
020 _a957-2097-35-0
082 _a293.23 HYF
100 _a黄友辅
245 _a教你从手相透视妻财子禄
_c
250 _a初版
260 _a台湾
_b久伊书屋
_c2002
300 _b194
490 _a开运馆. 5
650 _a手相
942 _cBK
_o293.23 HYF
999 _c50734
_d50724